000 00421pab a2200169 454500
008 180718b2013 xxu||||| |||| 00| 0 eng d
100 _aChappell, Louis
245 _aGender and the hidden life of institutions
260 _c2013
300 _ap.599-615.
650 _aPolitical institutions
650 _aWomen
700 _aWaylen, Georgina
773 _aPublic Administration
908 _aN
909 _a101710
999 _c101708
_d101708